<?xml version="1.0" encoding="UTF-8"?>
<record
    xmlns:xsi="http://www.w3.org/2001/XMLSchema-instance"
    xsi:schemaLocation="http://www.loc.gov/MARC21/slim http://www.loc.gov/standards/marcxml/schema/MARC21slim.xsd"
    xmlns="http://www.loc.gov/MARC21/slim">

  <leader>01293nam a2200205Ia 4500</leader>
  <datafield tag="999" ind1=" " ind2=" ">
    <subfield code="c">15018</subfield>
    <subfield code="d">15018</subfield>
  </datafield>
  <controlfield tag="008">141014s9999||||xx |||||||||||||| ||und||</controlfield>
  <datafield tag="010" ind1=" " ind2=" ">
    <subfield code="a">14868</subfield>
  </datafield>
  <datafield tag="020" ind1=" " ind2=" ">
    <subfield code="a">978-9978-9930-4-0</subfield>
  </datafield>
  <datafield tag="040" ind1=" " ind2=" ">
    <subfield code="a">ANE</subfield>
  </datafield>
  <datafield tag="041" ind1=" " ind2=" ">
    <subfield code="a">Es</subfield>
  </datafield>
  <datafield tag="082" ind1=" " ind2=" ">
    <subfield code="a">343.2 G216</subfield>
  </datafield>
  <datafield tag="100" ind1=" " ind2=" ">
    <subfield code="a">Garc&#xED;a Falconi, Jos&#xE9; C.</subfield>
  </datafield>
  <datafield tag="245" ind1=" " ind2=" ">
    <subfield code="a">La demanda civil de da&#xF1;os y perjuicios y da&#xF1;o moral por responsabilidad subjetiva en contra de los jueces, fiscales y defensores p&#xFA;blicos</subfield>
  </datafield>
  <datafield tag="250" ind1=" " ind2=" ">
    <subfield code="a">S/E</subfield>
  </datafield>
  <datafield tag="260" ind1=" " ind2=" ">
    <subfield code="a">Quito, Ecuador </subfield>
    <subfield code="c">2010</subfield>
  </datafield>
  <datafield tag="300" ind1=" " ind2=" ">
    <subfield code="a">448 p</subfield>
    <subfield code="c">21 cm</subfield>
  </datafield>
  <datafield tag="505" ind1=" " ind2=" ">
    <subfield code="a">R&#xE9;gimen Constitucional y legal de la justicia en el Ecuador.- Normas pertinentes de la Constituci&#xF3;n de la Rep&#xFA;blica.- Normas pertinentes del c&#xF3;digo org&#xE1;nico de la Funci&#xF3;n Judicial.- El Derecho Procesal.- El poder de los jueces.- Los mediadores y &#xE1;rbitros.- Misi&#xF3;n de la Fiscal&#xED;a General del Estado.- La Fiscal&#xED;a y el Ofendido.- La La Defensor&#xED;a P&#xFA;blica en el Ecuador.- Responsabilidad de los Asamble&#xED;stas.- Delitos penales de los abogados.- &#xBF;Que es la Omisi&#xF3;n?.- Clases de Responsabilidad.- &#xBF;Que es el Patrimonio?.- &#xBF;Que es da&#xF1;o patrimonial.- &#xBF;Que es el da&#xF1;o moral?.- &#xBF;Que es moral objetiva?.- Clases de Dolo.- &#xBF;Que es la culpa?.- Juicios verbales&#xBF;Que es la prescripci&#xF3;n?</subfield>
  </datafield>
  <datafield tag="650" ind1=" " ind2=" ">
    <subfield code="a">Jurisprudencia</subfield>
  </datafield>
  <datafield tag="942" ind1=" " ind2=" ">
    <subfield code="c">BK</subfield>
    <subfield code="2">ddc</subfield>
    <subfield code="z">Nr.</subfield>
  </datafield>
  <datafield tag="952" ind1=" " ind2=" ">
    <subfield code="0">0</subfield>
    <subfield code="1">0</subfield>
    <subfield code="2">ddc</subfield>
    <subfield code="4">0</subfield>
    <subfield code="7">0</subfield>
    <subfield code="a">AN01</subfield>
    <subfield code="b">AN01</subfield>
    <subfield code="d">2022-08-23</subfield>
    <subfield code="e">Donaci&#xF3;n</subfield>
    <subfield code="o">343.2 G216</subfield>
    <subfield code="p">14868</subfield>
    <subfield code="r">2014-10-14</subfield>
    <subfield code="w">2014-10-14</subfield>
    <subfield code="y">BK</subfield>
  </datafield>
</record>
